Jorge el curioso. (Record no. 19438)

MARC details
000 -LEADER
fixed length control field 02449cam a2200637Ia 4500
001 - CONTROL NUMBER
control field sjds1135173
003 - CONTROL NUMBER IDENTIFIER
control field sjds
005 - DATE AND TIME OF LATEST TRANSACTION
control field 20180403152130.0
008 - FIXED-LENGTH DATA ELEMENTS--GENERAL INFORMATION
fixed length control field 110731t20122012maua j 000 1 spa d
020 ## - INTERNATIONAL STANDARD BOOK NUMBER
International Standard Book Number 9780547691145 (pbk.)
020 ## - INTERNATIONAL STANDARD BOOK NUMBER
International Standard Book Number 0547691149 (pbk.)
035 ## - SYSTEM CONTROL NUMBER
System control number 483402
035 ## - SYSTEM CONTROL NUMBER
System control number (OCoLC)744294383
035 ## - SYSTEM CONTROL NUMBER
System control number 483402
040 ## - CATALOGING SOURCE
Original cataloging agency BTCTA
Language of cataloging eng
Transcribing agency BTCTA
Modifying agency BDX
-- CLE
-- IFA
-- UtOrBLW
041 1# - LANGUAGE CODE
Language code of text/sound track or separate title eng
-- spa
Language code of original eng
049 ## - LOCAL HOLDINGS (OCLC)
Holding library IFAA
099 ## - LOCAL FREE-TEXT CALL NUMBER (OCLC)
Filing suffix 2012
100 1# - MAIN ENTRY--PERSONAL NAME
Personal name Rey, H. A.
Fuller form of name (Hans Augusto),
Dates associated with a name 1898-1977,
Relator term author.
245 10 - TITLE STATEMENT
Title Jorge el curioso.
Name of part/section of a work El jonrón =
Remainder of title Curious George.
Name of part/section of a work Home run /
Statement of responsibility, etc. adaptation by Erica Zappy ; translated by Carlos E. Calvo = adaptado por Erica Zappy ; traducido por Carlos E. Calvo.
246 31 - VARYING FORM OF TITLE
Title proper/short title Curious George.
Name of part/section of a work Home run
246 30 - VARYING FORM OF TITLE
Title proper/short title Home run
246 31 - VARYING FORM OF TITLE
Title proper/short title Jonrón
246 31 - VARYING FORM OF TITLE
Title proper/short title Adaptado por Erica Zappy
260 ## - PUBLICATION, DISTRIBUTION, ETC. (IMPRINT)
Place of publication, distribution, etc. Boston :
Name of publisher, distributor, etc. Houghton Mifflin Harcourt Pub. Co.,
Date of publication, distribution, etc. c2012
264 #1 - PRODUCTION, PUBLICATION, DISTRIBUTION, MANUFACTURE, AND COPYRIGHT NOTICE
Place of production, publication, distribution, manufacture Boston :
Name of producer, publisher, distributor, manufacturer Houghton Mifflin Harcourt Pub. Co.,
Date of production, publication, distribution, manufacture, or copyright notice [2012]
264 #4 - PRODUCTION, PUBLICATION, DISTRIBUTION, MANUFACTURE, AND COPYRIGHT NOTICE
Date of production, publication, distribution, manufacture, or copyright notice c2012
300 ## - PHYSICAL DESCRIPTION
Extent 22 pages :
Other physical details color illustrations ;
Dimensions 24 cm.
336 ## - CONTENT TYPE
Content type term text
Content type code txt
Source rdacontent
337 ## - MEDIA TYPE
Media type term unmediated
Media type code n
Source rdamedia
338 ## - CARRIER TYPE
Carrier type term volume
Carrier type code nc
Source rdacarrier
490 1# - SERIES STATEMENT
Series statement Green Light Readers. Level 1 = Colección Luz Verde. Nivel 1
500 ## - GENERAL NOTE
General note "A Spanish bilingual reader"--Cover.
500 ## - GENERAL NOTE
General note "Curious about number order = Curioso por el orden del los números"--Cover.
500 ## - GENERAL NOTE
General note "Based on the TV series written by Lazar Sario = Basado en el guión para televisón escrito por Lazar Sario."
521 1# - TARGET AUDIENCE NOTE
Target audience note 5-7.
521 2# - TARGET AUDIENCE NOTE
Target audience note 1-2.
521 8# - TARGET AUDIENCE NOTE
Target audience note 460
Source Lexile
526 0# - STUDY PROGRAM INFORMATION NOTE
Program name Accelerated Reader
Interest level LG
Reading level 2.1
Title point value 0.5
Public note 150400
546 ## - LANGUAGE NOTE
Language note In Spanish and English.
650 #0 - SUBJECT ADDED ENTRY--TOPICAL TERM
Topical term or geographic name as entry element Curious George (Fictitious character)
Form subdivision Juvenile fiction.
650 #0 - SUBJECT ADDED ENTRY--TOPICAL TERM
Topical term or geographic name as entry element Monkeys
Form subdivision Juvenile fiction.
650 #0 - SUBJECT ADDED ENTRY--TOPICAL TERM
Topical term or geographic name as entry element Counting
Form subdivision Juvenile literature.
650 #0 - SUBJECT ADDED ENTRY--TOPICAL TERM
Topical term or geographic name as entry element Spanish language materials
General subdivision Bilingual
Form subdivision Juvenile literature.
650 #7 - SUBJECT ADDED ENTRY--TOPICAL TERM
Topical term or geographic name as entry element Jorge el Curioso (Personaje literario)
Form subdivision Novela juvenil.
Source of heading or term local
650 #7 - SUBJECT ADDED ENTRY--TOPICAL TERM
Topical term or geographic name as entry element Monos
Form subdivision Novela juvenil.
Source of heading or term bidex
650 #7 - SUBJECT ADDED ENTRY--TOPICAL TERM
Topical term or geographic name as entry element Contar (Enumerar)
Form subdivision Literatura juvenil.
Source of heading or term bidex
650 #7 - SUBJECT ADDED ENTRY--TOPICAL TERM
Topical term or geographic name as entry element Materiales bilingües en español
Form subdivision Literatura juvenil.
Source of heading or term bidex
700 1# - ADDED ENTRY--PERSONAL NAME
Personal name Zappy, Erica.
700 1# - ADDED ENTRY--PERSONAL NAME
Personal name Sario, Lazar.
700 1# - ADDED ENTRY--PERSONAL NAME
Personal name Calvo, Carlos E.
700 1# - ADDED ENTRY--PERSONAL NAME
Personal name Rey, Margret.
730 0# - ADDED ENTRY--UNIFORM TITLE
Uniform title Curious George (Television program)
830 #0 - SERIES ADDED ENTRY--UNIFORM TITLE
Uniform title Green Light reader.
Number of part/section of a work Level 1.
942 ## - ADDED ENTRY ELEMENTS (KOHA)
Koha item type Libro/Book
Holdings
Withdrawn status Lost status Damaged status Not for loan Home library Current library Date acquired Total Checkouts Barcode Date last seen Date checked out Price effective from Koha item type
        San Juan Del Sur -- Biblioteca San Juan Del Sur -- Biblioteca 24/07/2015 9 30007101 25/02/2019 20/02/2019 24/07/2015 Libro/Book

Powered by Koha